Celebrity Name Mash-ups #2 - Statistics

General Stats
  • This quiz has been taken 93 times
  • The average score is 14 of 52
Answer Stats
Mash-up Name Original Celebrities % Correct
Ryda Reynied Ryan Reynolds
87%
Angie Jolder Angelina Jolie
74%
Jobin Wilmos Robin Williams
74%
LeBel Jessi LeBron James
70%
Jiy Careno Jim Carrey
66%
Denye Weston Kanye West
57%
Mardey Hepberg Audrey Hepburn
53%
Charst Tatell Channing Tatum
47%
Kendin Harar Kendrick Lamar
47%
Amdy Schoor Amy Schumer
42%
Jillie Early Brones James Earl Jones
42%
Vilett Johnsel Scarlett Johansson
42%
Edilo Murmiglia Eddie Murphy
41%
Juce Kimmee Jimmy Kimmel
39%
LeBel Jessi Lionel Messi
38%
Krick Jentley Kris Jenner
36%
Mikth Royson Mike Tyson
36%
Pahew McMon Matthew McConaughey
34%
Vilett Johnsel Vin Diesel
34%
Denye Weston Denzel Washington
32%
Guny Fieto Guy Fieri
29%
Jiy Careno Jay Leno
28%
Jillie Early Brones Millie Bobby Brown
28%
Juce Kimmee Bruce Lee
25%
Jobin Wilmos John Stamos
25%
Simia Keyell Simon Cowell
25%
Pahew McMon Paul Simon
24%
Krick Jentley Rick Astley
20%
Simia Keyell Alicia Keys
17%
Kendin Harar Kevin Hart
17%
Vaninn Hudhard Vanessa Hudgens
17%
Guny Fieto Danny DeVito
16%
Edilo Murmiglia Milo Ventimiglia
16%
Jong Pucaney John Mulaney
14%
Charst Tatell Kristen Bell
13%
Boone Bilham Bo Burnham
12%
Ryda Reynied Amanda Seyfried
11%
Amdy Schoor Mandy Moore
11%
Mardey Hepberg Mark Zuckerberg
11%
Paom Braysso Pablo Picasso
9%
Rindon Ramarr Ringo Starr
9%
Rindon Ramarr Gordon Ramsay
8%
Paom Braysso Tom Brady
8%
Vaninn Hudhard Finn Wolfhard
4%
Botie Flecky Katie Ledecky
4%
Boone Bilham Simone Biles
4%
Jong Pucaney Wolfgang Puck
4%
Bliz Anston Aziz Ansari
3%
Bliz Anston Blake Shelton
3%
Botie Flecky Bobby Flay
3%
Mikth Royson Seth Rogen
3%
Angie Jolder Stevie Wonder
3%
No matching quizzes found
Score Distribution
Percent of People with Each Score
Percentile by Number Answered
Your Score History
You have not taken this quiz